Growing Cities in Botswana - Statistics

General Stats
  • This quiz has been taken 8 times
  • The average score is 3 of 5
Answer Stats
Population Population Gained City % Correct
85,293 25,030 Maun
100%
88,098 30,019 Mogoditshane
67%
52,398 15,142 Palapye
50%
36,078 13,167 Letlhakane
33%
55,517 19,194 Tlokweng
33%
No matching quizzes found
Score Distribution
Percent of People with Each Score
Percentile by Number Answered
Your Score History
You have not taken this quiz